| 000 -LEADER |
| fixed length control field |
01741nam a2200241Ia 4500 |
| 001 - CONTROL NUMBER |
| control field |
18131 |
| 003 - CONTROL NUMBER IDENTIFIER |
| control field |
GE_BSU |
| 008 - FIXED-LENGTH DATA ELEMENTS--GENERAL INFORMATION |
| fixed length control field |
181216s||||||||xx |||||||||||||| ||und|| |
| 020 ## - INTERNATIONAL STANDARD BOOK NUMBER |
| International Standard Book Number |
978-9941-0-7458-5 |
| 040 ## - CATALOGING SOURCE |
| Transcribing agency |
GE_BSU |
| 080 ## - UNIVERSAL DECIMAL CLASSIFICATION NUMBER |
| Universal Decimal Classification number |
351.773.13(479.22) |
| 245 ## - TITLE STATEMENT |
| Title |
საქართველოში არსებული სასურსათო უსაფრთხოების შემადგენელი ინსტიტუციური მექანიზმები და შესაბამისი სახელმწიფო პოლიტიკა = Diagnostic review of existing food security institutional mechanisms and the state policy in Georgia |
| 245 ## - TITLE STATEMENT |
| Remainder of title |
დიაგნოსტიკური მიმოხილვა |
| 245 ## - TITLE STATEMENT |
| Statement of responsibility, etc. |
კვლევის ავტ. მიხეილ ჯიბუტი |
| 260 ## - PUBLICATION, DISTRIBUTION, ETC. |
| Place of publication, distribution, etc. |
თბილისი |
| 260 ## - PUBLICATION, DISTRIBUTION, ETC. |
| Date of publication, distribution, etc. |
2014 |
| 300 ## - PHYSICAL DESCRIPTION |
| Extent |
88 გვ. ; 26 სმ |
| 520 ## - SUMMARY, ETC. |
| Summary, etc. |
გარეკანი და თავფურ. ქართ. და ინგლ.. - რეზ. ინგლ. გარეკ. გამოყ. ფოტოს ავტ. ნინო ოშხერელი |
| 653 ## - INDEX TERM--UNCONTROLLED |
| Uncontrolled term |
დიაგნოსტიკური მიმოხილვა |
| 653 ## - INDEX TERM--UNCONTROLLED |
| Uncontrolled term |
სასურსათო უსაფრთხოება საქართველოში |
| 653 ## - INDEX TERM--UNCONTROLLED |
| Uncontrolled term |
საქართველოში არსებული სასურსათო უსაფრთხოების შემადგენელი ინსტიტუციური მექანიზმები და შესაბამისი სახელმწიფო პოლიტიკა |
| 942 ## - ADDED ENTRY ELEMENTS (KOHA) |
| Koha item type |
წიგნი |